| 000 | 00519nam a22001817a 4500 | ||
|---|---|---|---|
| 008 | 131126b xxu||||| |||| 00| 0 ger d | ||
| 020 | _a9783708305387 | ||
| 041 | 0 | _ager | |
| 080 | _a343 | ||
| 110 | _aÖsterreichische juristenkommission | ||
| 245 | _aKorruption : | ||
| 260 |
_aWien : _bNWV verlag ; _c2009. |
||
| 300 |
_a149 f. ; _c22 cm. |
||
| 490 |
_aKritik und fortschritt rechtsstaat _vBand 32 |
||
| 650 | 0 | _aKorrupsioni | |
| 650 | 0 | _aE drejta penale | |
| 942 |
_2udc _cBK |
||
| 999 |
_c351 _d351 |
||